|
|
|
|
| LEADER |
00000nab a2200000uu 4500 |
| 001 |
vtls012237806 |
| 003 |
SK-MaSNL |
| 005 |
20260304013445.0 |
| 008 |
230822|2014 xo |||||||||||||||||slo| |
| 015 |
|
|
|a SNBRB
|
| 040 |
|
|
|a SNKBUCL
|b slo
|c SNKBUCL
|e AACR2
|
| 041 |
0 |
|
|a slo
|
| 044 |
|
|
|a xo
|c SK
|
| 100 |
1 |
|
|a Bindzár, Juraj,
|d 1943-2019
|4 aut
|9 105677
|
| 245 |
1 |
0 |
|a O treste smrti, o katovskom remesle a jednom pozoruhodnom filme
|c Juraj Bindzár
|
| 500 |
|
|
|a Uverejnené v rubrike Rozhľadňa, v podrubrike Ex Libris, ktorú pre Slovenské pohľady píše Juraj Bindzár
|
| 600 |
1 |
7 |
|a Pierrepoint, Albert,
|d 1905-1992
|2 SNKMA
|9 234050
|
| 630 |
0 |
7 |
|a Posledný kat (film)
|2 SNK
|9 1294500
|
| 650 |
0 |
7 |
|a anglické filmy
|2 SNKPH
|9 896201
|
| 655 |
|
7 |
|a poznámky
|2 SNKPH
|9 285558
|
| 773 |
0 |
|
|t Slovenské pohľady
|g Roč. IV.+130, č. 2 (2014), s. 117-120
|
| 852 |
|
|
|a Slovenská národná knižnica
|
| 954 |
|
|
|a odborná, vedecká literatúra pôvodná (slovenská)
|2 lita
|
| 958 |
|
|
|a LX
|
| 999 |
|
|
|c 2575887
|d 2577817
|